[Event "Barcelona Catalunya op 26th"]
[Site "Barcelona"]
[Date "2014.11.22"]
[Round "8"]
[White "Martinez Oliva, Moises"]
[Black "Vila Plana, Adria"]
[Result "1-0"]
[WhiteElo "1700"]
[BlackElo "1713"]
[PlyCount "103"]
[EventDate "2014.09.27"]
[EventType "swiss"]
[EventRounds "9"]
[EventCountry "ESP"]
[SourceTitle "EXT 2017"]
[Source "ChessBase"]
[SourceDate "2016.10.25"]
[SourceVersion "1"]
[SourceVersionDate "2016.10.25"]
[SourceQuality "1"]

1. e4 d5 2. exd5 Nf6 3. Bb5+ c6 4. dxc6 bxc6 5. Ba4 Bd7 6. Nf3 c5 7. Bb3 Bc6 8. Nc3 g6 9. 0-0 Bh6 10. d3 Bxc1 11. Rxc1 Qc7 12. h3 Qf4 13. Ne2 Qb4 14. a3 Qb7 15. Ng3 Nbd7 16. Qe2 Qc7 17. Rfe1 0-0 18. c4 Bxf3 19. Qxf3 e6 20. Bc2 Rab8 21. b3 Qa5 22. a4 Qc3 23. Ne4 Qd4 24. Nxf6+ Nxf6 25. Qe3 Qc3 26. Qxc5 a5 27. Qe5 Qxe5 28. Rxe5 Nd7 29. Rxa5 e5 30. Rd5 Rbd8 31. b4 f6 32. b5 Nb6 33. Rxd8 Rxd8 34. a5 Na8 35. c5 Rb8 36. Bb3+ Kg7 37. b6 Rc8 38. Bd5 Kf8 39. Bxa8 Rxa8 40. b7 Rb8 41. a6 Ke7 42. Rb1 Kd7 43. a7 Kc7 44. axb8Q+ Kxb8 45. c6 f5 46. c7+ Kxc7 47. b8Q+ Kd7 48. Qxe5 Kc6 49. Rc1+ Kb6 50. Qc5+ Kb7 51. Rb1+ Ka8 52. Qa5# 1-0

[Event "Barcelona Catalunya op 26th"]
[Site "Barcelona"]
[Date "2014.10.11"]
[Round "3"]
[White "Archs Garriga, Ignasi"]
[Black "Vila Plana, Adria"]
[Result "1-0"]
[WhiteElo "1898"]
[BlackElo "1713"]
[PlyCount "65"]
[EventDate "2014.09.27"]
[EventType "swiss"]
[EventRounds "9"]
[EventCountry "ESP"]
[SourceTitle "EXT 2017"]
[Source "ChessBase"]
[SourceDate "2016.10.25"]
[SourceVersion "1"]
[SourceVersionDate "2016.10.25"]
[SourceQuality "1"]

1. c4 Nc6 2. Nc3 e5 3. Nf3 g5 4. d4 exd4 5. Nxd4 Bc5 6. Nxc6 dxc6 7. Qxd8+ Kxd8 8. Bxg5+ f6 9. Bh4 Bb4 10. 0-0-0+ Bd7 11. Ne4 Ke7 12. e3 Bf5 13. Nc3 Nh6 14. Bd3 Bxd3 15. Rxd3 Rad8 16. Rhd1 Bd6 17. Ne4 Rd7 18. Bxf6+ Ke8 19. Nxd6+ cxd6 20. Bxh8 Kf7 21. Rxd6 Rxd6 22. Rxd6 Nf5 23. Rf6+ Kg8 24. Rxf5 Kxh8 25. Rf7 h6 26. e4 Kg8 27. Rf3 Kg7 28. e5 h5 29. e6 Kg8 30. e7 Kh7 31. e8Q Kh6 32. Rg3 Kh7 33. Qxh5# 1-0